000
00304nam a22001337a 4500
008
171027b xxu||||| |||| 00| 0 eng d
020
_a
9780130614704
041
_a
eng
080
_2
12TH
_a
336
100
_a
55
101
_a
MEN
245
_a
FINANCIAL MANAGEMENT & POLICY
_c
HORNE,J,C
942
_2
udc
_c
BK
999
_c
36034
_d
36034